| 000 | 01290cam a22003494a 4500 | ||
|---|---|---|---|
| 999 |
_c29398 _d29369 |
||
| 001 | 13881319 | ||
| 003 | EG-ScBUE | ||
| 005 | 20210829103203.0 | ||
| 008 | 050223t2001 mau f 000 0 eng d | ||
| 020 | _a9780205327829 | ||
| 020 | _a0205327826 | ||
| 040 |
_aDLC _beng _erda _cDLC _dDLC _dEG-ScBUE |
||
| 082 | 0 | 4 |
_a304.8090511 _bFAR _222 |
| 100 | 1 |
_aFarr, Grant, _eauthor. |
|
| 245 | 1 | 0 |
_aGlobal societies to accompany Bryiak and Soroka : _bsociology : changing societies in a diverse world / _cprepared by Frant Farr, Portland State University with Corie Hammers, Portland State University. |
| 264 | 1 |
_aNeedham Heights, MA : _bAllyn & Bacon, _c[2001] |
|
| 264 | 4 | _cc2001 | |
| 300 |
_avii, 104 pages ; _c23 cm |
||
| 336 |
_2rdacontent _atext _btxt |
||
| 337 |
_2rdamedia _aunmediated _bn |
||
| 338 |
_2rdacarrier _avolume _bnc |
||
| 650 | 7 |
_aGlobalization _xSocial aspects. _2BUEsh |
|
| 650 | 7 |
_aGlobalization _xEconomic aspects. _2BUEsh |
|
| 650 | 7 |
_aCivilization, Modern _y21st century. _2BUEsh |
|
| 653 |
_bGGEN _cAugust2021 |
||
| 655 |
_vReading book _934232 |
||
| 700 | 1 |
_aHammers, Corie, _eauthor. |
|
| 906 |
_a7 _bcbc _corignew _d2 _encip _f20 _gy-gencatlg |
||
| 942 |
_2ddc _cBB |
||